Fascinating spirited Cincinnati /

Bibliographic Details
Main Author: Zink, Lawrence
Other Authors: Perry, Dick
Format: Book
Language:English
Published: [Cincinnati] : Cincinnati Chapter of the American Institute of Architects, [1979]
Subjects:

MARC

Tag First Indicator Second Indicator Subfields
LEADER 00000cam a2200000 a 4500
001 in00000076911
005 20151008055001.0
008 800425s1979 ohua 00010 engm
010 |a  80109955  
020 |c $25.00 
035 |a (OCoLC)06330736 
035 |9 AAJ2235AM 
040 |a DLC  |c DLC  |d m.c.  |d TXA  |d UtOrBLW 
043 |a n-us-oh 
049 |a TXAM  |c [1672606] 
050 0 0 |a F499.C543  |b Z56 
082 0 |a 779/.9977178043 
100 1 |a Zink, Lawrence. 
245 1 0 |a Fascinating spirited Cincinnati /  |c photographed and designed by Lawrence Zink ; text by Dick Perry. 
264 1 |a [Cincinnati] :  |b Cincinnati Chapter of the American Institute of Architects,  |c [1979] 
264 4 |c ©1979 
300 |a 176 pages :  |b chiefly illustrations ;  |c 24 cm. 
336 |a text  |b txt  |2 rdacontent 
337 |a unmediated  |b n  |2 rdamedia 
338 |a volume  |b nc  |2 rdacarrier 
650 0 |a Architecture  |z Ohio  |z Cincinnati  |x Pictorial works. 
651 0 |a Cincinnati (Ohio)  |x Pictorial works. 
700 1 |a Perry, Dick. 
999 |a MARS 
999 f f |s 7f5df9af-3a76-358e-a380-455ce5da45e3  |i 7784b04b-ec78-362b-b729-cb4c2db0fa93  |t 0 
952 f f |p ric  |a Texas A&M University  |b Rellis Campus  |c Joint Library Facility  |d Remote Storage  |t 0  |e F499.C543 Z56  |h Library of Congress classification  |i unmediated -- volume  |m A14806109906 
998 f f |a F499.C543 Z56  |t 0  |l Remote Storage